00476nam a2200181 a 4500001001300000003000900013005001700022008004100039020002300080082001500103100002000118245004200138260003600180300000900216500003500225505001000260650002400270nice12345678IN_TiNIC20260116014049.0050524s2002 cola grp 000 0 eng  a0813395 c28200a958.1bMAG aMagnus, Ralph H aAfghanistnb Mullah, Marx and Mujahid aColoradobWestview Press c2002 a289p aincludes index and biblioraphy2 aNotes aAfghanistan-History